[Event "Euskadi-chT (Vasca) Div Honor"]
[Site "Bergara"]
[Date "2014.01.11"]
[Round "1.5"]
[White "Iruzubieta Villaluenga, Jesus Maria"]
[Black "Serras Uria, Antonio"]
[Result "1/2-1/2"]
[WhiteElo "2412"]
[BlackElo "2201"]
[PlyCount "84"]
[EventDate "2014.01.11"]
[EventType "team-tourn"]
[EventRounds "9"]
[EventCountry "ESP"]
[SourceTitle "EXT 2024"]
[Source "ChessBase"]
[SourceDate "2023.10.10"]
[SourceVersion "1"]
[SourceVersionDate "2023.10.10"]
[SourceQuality "1"]

1. Nf3 c5 2. c4 Nf6 3. Nc3 e6 4. g3 b6 5. Bg2 Bb7 6. 0-0 Be7 7. Re1 0-0 8. e4 d6 9. d4 cxd4 10. Nxd4 Qc8 11. Be3 Rd8 12. Rc1 Nbd7 13. f4 a6 14. Bf2 Qc7 15. Nd5 exd5 16. cxd5 Qb8 17. Nc6 Bxc6 18. dxc6 Nc5 19. c7 Qxc7 20. b4 Rab8 21. Qe2 Nfd7 22. bxc5 Nxc5 23. Bd4 Qd7 24. Rcd1 Qa4 25. Ba1 Bf8 26. Rd4 Qb5 27. Qd2 Re8 28. Rd5 Qa4 29. Rd4 Qb5 30. h4 Rbc8 31. Kh2 Rc7 32. Rd5 Qa4 33. e5 dxe5 34. Rexe5 Rxe5 35. Bxe5 Rd7 36. Bh3 Rxd5 37. Qxd5 Qc2+ 38. Bg2 Nd3 39. Qe4 Qd2 40. Qd5 Qc2 41. Qe4 Qd2 42. Qd5 Qc2 1/2-1/2

[Event "Euskadi-chT"]
[Site "Bergara"]
[Date "2010.02.13"]
[Round "1.1"]
[White "Serras Uria, Antonio"]
[Black "Gonzalez de la Torre, Santiago"]
[Result "0-1"]
[WhiteElo "2206"]
[BlackElo "2405"]
[PlyCount "99"]
[EventDate "2010.01.09"]
[EventType "team-tourn"]
[EventRounds "9"]
[EventCountry "ESP"]
[SourceTitle "EXT 2011"]
[Source "ChessBase"]
[SourceDate "2010.11.26"]
[SourceVersion "1"]
[SourceVersionDate "2010.11.26"]
[SourceQuality "1"]

1. Nf3 Nf6 2. g3 c5 3. Bg2 d5 4. b3 g6 5. Bb2 Bg7 6. 0-0 0-0 7. d3 d4 8. c4 Nc6 9. a3 a5 10. Nbd2 h6 11. Ne1 Bf5 12. Ne4 Qb6 13. Rb1 Rad8 14. Bc1 Nxe4 15. dxe4 Be6 16. Bd2 a4 17. Nd3 axb3 18. Qxb3 Qxb3 19. Rxb3 Bxc4 20. Rxb7 Bxd3 21. exd3 Ne5 22. Rb3 Rb8 23. Rfb1 Rxb3 24. Rxb3 Nxd3 25. Rxd3 c4 26. Rf3 Rb8 27. Bf1 c3 28. Rd3 Rb1 29. f4 e6 30. e5 c2 31. Kf2 Bf8 32. Ke2 Bc5 33. Bg2 Bb6 34. f5 Ba5 35. Bxh6 Re1+ 36. Kf2 Re3 37. Rxd4 Be1+ 38. Kxe3 c1Q+ 39. Ke2 Qb2+ 40. Kxe1 Qxd4 41. fxe6 fxe6 42. Ke2 Qg1 43. Kf3 Qxh2 44. Bf4 Qh7 45. a4 Qb7+ 46. Kf2 Qa7+ 47. Kf3 Qa8+ 48. Kf2 Qxa4 49. Bf3 Qc2+ 50. Ke3 0-1

[Event "Euskadi-chT"]
[Site "Bergara"]
[Date "2010.01.16"]
[Round "2.5"]
[White "Serras Uria, Antonio"]
[Black "Alcaide Luque, Aitor"]
[Result "1/2-1/2"]
[WhiteElo "2206"]
[BlackElo "2144"]
[PlyCount "135"]
[EventDate "2010.01.09"]
[EventType "team-tourn"]
[EventRounds "9"]
[EventCountry "ESP"]
[SourceTitle "EXT 2011"]
[Source "ChessBase"]
[SourceDate "2010.11.26"]
[SourceVersion "1"]
[SourceVersionDate "2010.11.26"]
[SourceQuality "1"]

1. Nf3 e6 2. g3 d5 3. Bg2 Nf6 4. 0-0 c5 5. c4 Nc6 6. cxd5 exd5 7. d4 Be7 8. Nc3 0-0 9. h3 c4 10. Ne5 Bb4 11. Bg5 Bxc3 12. bxc3 h6 13. Bxf6 Qxf6 14. f4 Bf5 15. g4 Be4 16. Bxe4 dxe4 17. Nxc4 Qh4 18. Kh2 f5 19. Qe1 Qf6 20. Qg3 Rac8 21. Ne3 Ne7 22. Rac1 Qa6 23. Rc2 Qa3 24. Nxf5 Nxf5 25. gxf5 Rxf5 26. Rg1 Qf8 27. e3 b5 28. Qg6 Kh8 29. Qe6 Re8 30. Qa6 Qf7 31. Rcg2 Re6 32. Qa5 g6 33. Qb4 Kh7 34. Qb3 a6 35. c4 Qd7 36. Rc2 Rh5 37. Rg3 g5 38. cxb5 gxf4 39. exf4 Rxb5 40. Qc4 Rd5 41. Rcg2 Red6 42. Qb3 h5 43. Rg8 Qf7 44. Qg3 Rd7 45. Rg6 Rf5 46. Rxa6 Rxd4 47. Rg6 Rd7 48. Qe3 Qxg6 49. Rxg6 Kxg6 50. Qxe4 Rdd5 51. Kg3 Kf7 52. Qc4 Ke7 53. Kf3 Ra5 54. Ke4 Rfc5 55. Qd4 Rcb5 56. a4 Rf5 57. Qb4+ Kf7 58. Qd6 Rfc5 59. Qd7+ Kf6 60. Qd4+ Kf7 61. h4 Rc7 62. f5 Rca7 63. Qd6 Rxa4+ 64. Kd3 Ra3+ 65. Kc2 Ra2+ 66. Kd3 R2a3+ 67. Ke2 R7a6 68. Qe5 1/2-1/2

[Event "ESP-chT CECLUB Norte Div 1"]
[Site "Sabadell"]
[Date "2007.08.15"]
[Round "1"]
[White "Vidarte Morales, Arturo"]
[Black "Serras Uria, Antonio"]
[Result "1-0"]
[WhiteElo "2404"]
[BlackElo "2200"]
[PlyCount "73"]
[EventDate "2007.08.15"]
[EventType "team"]
[EventRounds "6"]
[EventCountry "ESP"]
[SourceTitle "CBM 119 Extra"]
[Source "ChessBase"]
[SourceDate "2007.09.04"]
[SourceVersion "1"]
[SourceVersionDate "2007.09.04"]
[SourceQuality "1"]

1. c4 e5 2. g3 Nc6 3. Nc3 g6 4. Rb1 a5 5. Bg2 Bg7 6. a3 Nf6 7. b4 axb4 8. axb4 0-0 9. d3 h6 10. b5 Ne7 11. Qb3 d6 12. Nf3 Be6 13. Nd2 Qc8 14. 0-0 Bh3 15. Nd5 Nexd5 16. cxd5 Bxg2 17. Kxg2 Qg4 18. e4 Nh5 19. Nc4 b6 20. f3 Qd7 21. Be3 Qd8 22. Rbc1 f5 23. exf5 gxf5 24. Nd2 Nf6 25. d4 e4 26. fxe4 fxe4 27. Rf4 Qd7 28. Nxe4 Nxe4 29. Rxe4 Ra5 30. Rc6 Rfa8 31. Bf2 Ra3 32. Qc4 R3a4 33. Rxc7 Qf5 34. Qe2 Qxd5 35. Qg4 Qg5 36. h4 Qf6 37. Ree7 1-0

[Event "San Sebastian op 28th"]
[Site "San Sebastian"]
[Date "2005.03.26"]
[Round "9"]
[White "Virto Alustiza, Aingeru"]
[Black "Serras Uria, Antonio"]
[Result "0-1"]
[WhiteElo "1953"]
[BlackElo "2220"]
[PlyCount "54"]
[EventDate "2005.03.19"]
[EventType "swiss"]
[EventRounds "9"]
[EventCountry "ESP"]
[SourceTitle "CBM 105 Extra"]
[Source "ChessBase"]
[SourceDate "2005.05.01"]
[SourceVersion "1"]
[SourceVersionDate "2005.05.01"]
[SourceQuality "1"]

1. e4 c5 2. Nf3 d6 3. d4 cxd4 4. Qxd4 Nc6 5. Bb5 Bd7 6. Bxc6 Bxc6 7. Bg5 Nf6 8. Nc3 h6 9. Bh4 g5 10. Bg3 Bg7 11. Qe3 Nh5 12. Nd2 Nxg3 13. hxg3 Qa5 14. Nd1 0-0-0 15. c3 Kb8 16. b4 Qe5 17. a4 f5 18. Nf3 Qxe4 19. Kd2 e5 20. Re1 Qd5+ 21. Kc2 f4 22. Qe2 Bd7 23. c4 Rc8 24. Kb3 Qf7 25. Qd3 d5 26. Qd2 e4 27. Nd4 Rxc4 0-1

[Event "San Sebastian op"]
[Site "San Sebastian"]
[Date "1996.??.??"]
[Round "?"]
[White "Iruzubieta Villaluenga, Jesus Maria"]
[Black "Serras Uria, Antonio"]
[Result "1-0"]
[WhiteElo "2400"]
[BlackElo "2205"]
[PlyCount "63"]
[EventDate "1996.??.??"]
[EventType "swiss"]
[EventRounds "9"]
[EventCountry "ESP"]
[SourceTitle "EXT 2001"]
[Source "ChessBase"]
[SourceDate "2000.11.22"]
[SourceVersion "1"]
[SourceVersionDate "2000.11.22"]
[SourceQuality "1"]

1. c4 e5 2. Nc3 Nf6 3. Nf3 Nc6 4. e3 Bb4 5. Qc2 0-0 6. Nd5 Be7 7. a3 d6 8. Bd3 g6 9. b4 Re8 10. Nxe7+ Qxe7 11. Be2 Bf5 12. d3 e4 13. dxe4 Bxe4 14. Qc3 Nd7 15. Bb2 f6 16. 0-0 Nce5 17. Nd2 Bf5 18. e4 Be6 19. f4 Nc6 20. Rae1 Qg7 21. Bd3 a5 22. Rf3 axb4 23. axb4 Nb6 24. Ba1 Na4 25. Qb3 b5 26. f5 Bxf5 27. cxb5+ Be6 28. Bc4 Nd8 29. Bxf6 Qf7 30. Bxd8 Bxc4 31. Nxc4 Qe6 32. Rf6 1-0

[Event "San Sebastian op"]
[Site "San Sebastian"]
[Date "1996.??.??"]
[Round "?"]
[White "Ros Eskisabel, Jose Ramon"]
[Black "Serras Uria, Antonio"]
[Result "0-1"]
[WhiteElo "2060"]
[BlackElo "2205"]
[PlyCount "60"]
[EventDate "1996.??.??"]
[EventType "swiss"]
[EventRounds "9"]
[EventCountry "ESP"]
[SourceTitle "EXT 2001"]
[Source "ChessBase"]
[SourceDate "2000.11.22"]
[SourceVersion "1"]
[SourceVersionDate "2000.11.22"]
[SourceQuality "1"]

1. e4 c5 2. Nf3 Nc6 3. d4 cxd4 4. Nxd4 Nf6 5. Nc3 d6 6. Bg5 e6 7. Qd2 a6 8. 0-0-0 Bd7 9. f4 h6 10. Bh4 g5 11. fxg5 Ng4 12. Nf3 hxg5 13. Bg3 Be7 14. Kb1 Rc8 15. Be2 Nge5 16. Rhf1 b5 17. Bxb5 axb5 18. Nxb5 Nxf3 19. Rxf3 Ne5 20. Bxe5 dxe5 21. Rd3 Bxb5 22. Rxd8+ Rxd8 23. Qc1 Rxd1 24. Qxd1 Rxh2 25. c4 Bc6 26. Qb3 Bxe4+ 27. Kc1 f5 28. Qb8+ Kf7 29. Qxe5 Rxg2 30. Qd4 g4 0-1